Guess The Bank! - Statistics

General Stats
  • This quiz has been taken 33 times
  • The average score is 22 of 40
Answer Stats
Picture Answer % Correct
Bank Of America
93%
Chase
90%
Citi
90%
Wells Fargo
83%
Barclays
77%
Goldman Sachs
73%
US Bank
73%
HSBC
70%
ING
70%
BNP Paribas
63%
Santander
60%
TD Bank
60%
UBS
60%
Capital One
57%
Deutsche Bank
57%
Rabobank
53%
Societe
53%
Credit Suisse
50%
ICBC
50%
Itau
50%
Standard Chartered
50%
Banco Do Brasil
47%
Bank Of China
47%
Royal Bank Of Canada
47%
Royal Bank Of Scotland
47%
Bradesco
43%
Saxo Bank
43%
Scotiabank
43%
Abn Amro
40%
ANZ
40%
Commonwealth Bank
40%
Lloyds
40%
MUFG
40%
State Bank Of India
40%
Unicredit
40%
Westpac
40%
Bank Of Baroda
37%
Commerzbank
37%
National Bank
37%
SMFG
33%
No matching quizzes found
Score Distribution
Percent of People with Each Score
Percentile by Number Answered
Your Score History
You have not taken this quiz